000 00824nam0a22002531 4500
001 rc\761795
005 20250622123014.0
035 _a(NLR Aleph) 006289465
090 _a7134212
_c7134212
100 _a20040301d1985 |||y0rusy50 ca
101 0 _arus
102 _aRU
105 _aa |||||||||
200 1 _aСкрининг физиологически активных соединений
_fПод ред. Л.А. Пирузяна
210 _aМ.
_cМедицина
_d1985
215 _a159 с.
_cил.
_d20
320 _aБиблиогр.: с. 147-156
700 1 _aНижний
_bС.В.
_gСергей Владимирович
701 1 _aДмитриева
_bН.В.
_gНина Васильевна
801 0 _aRU
_bNLR
_gpsbo
801 1 _aRU
_bELAR
_2rusmarc
852 _aNLR
_j85-3/9181
942 _cBOOK
980 _aNB